[Event "4NCL Division 2b"]
[Site "Northampton, ENG"]
[Date "2018.02.11"]
[Round "6.83"]
[White "Bullen, Alex"]
[Black "Jaunooby, Ali R"]
[Result "1-0"]
[WhiteElo "2148"]
[BlackElo "2177"]
[PlyCount "73"]
[EventDate "2018.02.11"]
[WhiteTeam "West is Best 2"]
[BlackTeam "Manchester Manticores 1"]

1. d4 c5 2. e3 d5 3. Nf3 Nc6 4. h3 Bf5 5. Nbd2 c4 6. c3 e6 7. Ne5 Nxe5 8. dxe5
b5 9. Nf3 Qc7 10. Nd4 Qxe5 11. Nxb5 Bc5 12. Qa4 Kf8 13. Nd4 Re8 14. b3 Nf6 15.
Ba3 Qd6 16. Nb5 Qe7 17. bxc4 Rc8 18. Nxa7 Bxa3 19. Nxc8 Qc5 20. Nb6 Bb2 21.
Qa8+ Ke7 22. Qb7+ Kd6 23. Na4 Bxa1 24. Nxc5 Bxc3+ 25. Kd1 dxc4 26. Qb6+ Ke5 27.
f4+ Kd5 28. Qb5 Kd6 29. Bxc4 Rc8 30. Qb6+ Ke7 31. Ke2 Nd5 32. Bxd5 exd5 33.
Qa7+ Kd6 34. Nb7+ Ke7 35. Rc1 d4 36. exd4 Kf6 37. Qa6+ 1-0

[Event "4NCL Division 2b"]
[Site "Northampton, ENG"]
[Date "2018.02.11"]
[Round "6.84"]
[White "Jayawarna, Nugith"]
[Black "Taylor, William J"]
[Result "1-0"]
[WhiteElo "2110"]
[BlackElo "2076"]
[PlyCount "103"]
[EventDate "2018.02.11"]
[WhiteTeam "Manchester Manticores 1"]
[BlackTeam "West is Best 2"]

1. c4 Nf6 2. Nc3 g6 3. g3 Bg7 4. Bg2 O-O 5. e4 d6 6. Nge2 c5 7. d3 Nc6 8. O-O
a6 9. h3 Rb8 10. a4 Ne8 11. Be3 e5 12. Rb1 Nc7 13. f4 exf4 14. Nxf4 b5 15. axb5
axb5 16. cxb5 Nxb5 17. Qd2 Nbd4 18. Nfd5 Be6 19. Bh6 Bxh6 20. Qxh6 f5 21. Nf4
Bf7 22. Ncd5 Bxd5 23. Nxd5 Nb4 24. Nxb4 Rxb4 25. Ra1 Qe7 26. e5 Ne2+ 27. Kh2
Rd4 28. Rfe1 Nxg3 29. Kxg3 Rxd3+ 30. Kh2 dxe5 31. Red1 Rxd1 32. Rxd1 e4 33. Qd2
Qe5+ 34. Kg1 Kg7 35. Qc3 Qxc3 36. bxc3 Re8 37. Kf2 Kf6 38. Rd7 h5 39. Rc7 Re5
40. h4 f4 41. Rc6+ Kg7 42. Ra6 Re7 43. Ra4 e3+ 44. Ke2 Rf7 45. Rc4 Rf5 46. Bh3
f3+ 47. Kxe3 f2 48. Rf4 f1=Q 49. Bxf1 Re5+ 50. Re4 Rd5 51. Bd3 g5 52. c4 1-0

[Event "4NCL Division 2b"]
[Site "Northampton, ENG"]
[Date "2018.02.11"]
[Round "6.85"]
[White "Spencer, Douglas"]
[Black "Peacock, Malcolm R"]
[Result "1/2-1/2"]
[WhiteElo "2010"]
[BlackElo "2080"]
[PlyCount "47"]
[EventDate "2018.02.11"]
[WhiteTeam "West is Best 2"]
[BlackTeam "Manchester Manticores 1"]

1. d4 c5 2. c3 e6 3. Nf3 Nf6 4. Bf4 Nc6 5. e3 d5 6. Nbd2 Bd6 7. Bg3 Bxg3 8.
hxg3 Qd6 9. Qc2 Bd7 10. Be2 Rc8 11. O-O O-O 12. Rad1 Rfd8 13. Rfe1 e5 14. dxe5
Nxe5 15. Nxe5 Qxe5 16. Nf3 Qe8 17. c4 Bc6 18. Qf5 Qe4 19. Bd3 Qxf5 20. Bxf5 Rb8
21. Ne5 g6 22. Bd3 Be8 23. Be2 dxc4 24. Bxc4 1/2-1/2

[Event "4NCL Division 2b"]
[Site "Northampton, ENG"]
[Date "2018.02.11"]
[Round "6.86"]
[White "Mazek, Marek"]
[Black "Gregory, Andrew M"]
[Result "1-0"]
[WhiteElo "2110"]
[BlackElo "1998"]
[PlyCount "91"]
[EventDate "2018.02.11"]
[WhiteTeam "Manchester Manticores 1"]
[BlackTeam "West is Best 2"]

1. d4 d5 2. c4 e6 3. Nc3 Nf6 4. cxd5 exd5 5. Qc2 Be7 6. Bg5 c6 7. e3 Ne4 8.
Bxe7 Qxe7 9. Bd3 f5 10. Nf3 O-O 11. O-O Be6 12. Ne5 Nd7 13. f4 Nxc3 14. bxc3
Nxe5 15. fxe5 g6 16. a4 Qg5 17. Rf4 Qe7 18. a5 b5 19. Qb2 a6 20. Raf1 c5 21.
Qf2 c4 22. Bc2 Rf7 23. g4 Raf8 24. gxf5 Bxf5 25. Bxf5 Rxf5 26. Qg2 Qg5 27. Qg3
Qxg3+ 28. hxg3 Rxf4 29. gxf4 Rf5 30. Kg2 h5 31. Kf3 g5 32. Rg1 g4+ 33. Kg3 Kg7
34. e4 dxe4 35. Re1 Rf8 36. d5 Kg6 37. Rxe4 Kf5 38. Re1 h4+ 39. Kxh4 Rh8+ 40.
Kg3 Rh3+ 41. Kf2 Kxf4 42. e6 Rxc3 43. Re2 Rf3+ 44. Ke1 g3 45. e7 g2 46. Rxg2
1-0

[Event "4NCL Division 2b"]
[Site "Northampton, ENG"]
[Date "2018.02.11"]
[Round "6.87"]
[White "Homer, Stephen J"]
[Black "Hamer, Martyn"]
[Result "0-1"]
[WhiteElo "2011"]
[BlackElo "2102"]
[PlyCount "82"]
[EventDate "2018.02.11"]
[WhiteTeam "West is Best 2"]
[BlackTeam "Manchester Manticores 1"]

1. e4 e5 2. Nf3 Nc6 3. Bb5 a6 4. Ba4 d6 5. O-O Bd7 6. c3 Nge7 7. d4 Ng6 8. Re1
Be7 9. Nbd2 O-O 10. d5 Nb8 11. Bc2 a5 12. Nf1 f5 13. exf5 Bxf5 14. Bxf5 Rxf5
15. Ng3 Rf7 16. Ne4 h6 17. g3 Nd7 18. h4 Nf6 19. Kg2 Qd7 20. Nxf6+ Bxf6 21. Qd3
Nf8 22. Qe4 Nh7 23. Be3 Be7 24. Nh2 Nf6 25. Qg6 Nxd5 26. Ng4 Kf8 27. Qh7 Ke8
28. f3 Qf5 29. Qg8+ Bf8 30. Rf1 h5 31. Rad1 hxg4 32. Rxd5 gxf3+ 33. Kf2 Qh3 34.
Rd2 Qg2+ 35. Ke1 Qxg3+ 36. Bf2 Qf4 37. Rg1 e4 38. Rd4 Qc1+ 39. Rd1 Qxb2 40. Rd2
Qc1+ 41. Rd1 Qxc3+ 0-1

[Event "4NCL Division 2b"]
[Site "Northampton, ENG"]
[Date "2018.02.11"]
[Round "6.88"]
[White "Mulleady, Peter J"]
[Black "Cooke, Suzie G"]
[Result "1/2-1/2"]
[WhiteElo "2087"]
[BlackElo "1926"]
[PlyCount "141"]
[EventDate "2018.02.11"]
[WhiteTeam "Manchester Manticores 1"]
[BlackTeam "West is Best 2"]

1. d4 Nf6 2. Bf4 c5 3. e3 Qb6 4. Nc3 a6 5. Na4 Qa5+ 6. c3 cxd4 7. b4 Qd8 8.
exd4 d6 9. Nf3 b5 10. Nb2 Qb6 11. Be2 g6 12. O-O Bg7 13. c4 O-O 14. a3 Bb7 15.
Rc1 Ne4 16. Be3 Qd8 17. cxb5 axb5 18. Qb3 Qd7 19. Rc2 e6 20. Rfc1 Na6 21. Qd3
Rfc8 22. Qxb5 Qxb5 23. Bxb5 Rxc2 24. Rxc2 Nf6 25. Be2 Be4 26. Rc1 Nd5 27. Nd2
Bf5 28. b5 Nc5 29. Nbc4 Nb7 30. g4 Nxe3 31. Nxe3 Bxd4 32. gxf5 Rxa3 33. fxg6
hxg6 34. Nec4 Ra2 35. Nf3 Bc5 36. Kf1 Kg7 37. Rb1 d5 38. Nb2 Bb6 39. Nd3 f6 40.
Rc1 Na5 41. Nb4 Rb2 42. Nc6 Nc4 43. Rd1 Rxb5 44. Nfd4 Bxd4 45. Nxd4 Rb6 46.
Bxc4 dxc4 47. Rc1 e5 48. Nf3 Rc6 49. Rc3 e4 50. Nd2 f5 51. Rxc4 Ra6 52. Kg2 Ra2
53. Nf1 Kh6 54. Rd4 Kg5 55. Rd2 Ra3 56. Rd6 f4 57. Nd2 Kf5 58. Rd5+ Ke6 59.
Re5+ Kxe5 60. Nc4+ Kd4 61. Nxa3 Kd3 62. Kf1 Kd2 63. Nc4+ Kc3 64. Nd6 Kd3 65. h4
e3 66. fxe3 Kxe3 67. Nf7 Kf3 68. Ne5+ Kg3 69. Nxg6 Kg4 70. Kf2 Kh5 71. Kf3
1/2-1/2